| 000 | 00587nam a22002057a 4500 | ||
|---|---|---|---|
| 003 | OSt | ||
| 005 | 20220107122849.0 | ||
| 008 | 190530b xxu||||| |||| 00| 0 eng d | ||
| 020 | _a9781119376972 | ||
| 040 | _cIIITMK | ||
| 082 | _a006.312 VRO/B | ||
| 100 |
_aVrochidis, Stefanos (Ed.) _915594 |
||
| 245 |
_aBig data analytics for large - scale multimedia search _cStefanos Vrochidis |
||
| 260 |
_aHoboken, _bWiley, _c2019. |
||
| 300 | _axxiii, 348p. | ||
| 700 |
_aHuet, Benoit _915595 |
||
| 700 |
_aChang, Edward Y _915596 |
||
| 700 |
_aKompatsiaris, Ioannis _915597 |
||
| 942 |
_2ddc _cBK |
||
| 999 |
_c6460 _d6460 |
||